000 01564nam a2200385 i 4500
001 000014134
003 DO-SdBNP
005 20260306095604.0
007 ta
008 090902s1998 dr 001 0 spa d
020 _a9768156759
040 _aDO-SdBNP
_bspa
_cBNPHU
_erda
041 _aspa
082 4 _aRD864.44
_bM663f
_222
100 1 _aMinaya, Nelson Julio,
_d1948-
_eautor
_4aut.
_918830
245 1 0 _aFranklin Mieses Burgos :
_b¿maestro de Borges? /
_cNelson Julio Minaya; presentación, Ligia Amado Melo de Cardona.
264 _aSanto Domingo :
_bSecretaría de Estado de Educación y Cultura,
_c1998.
300 _a211 páginas ;
_c21 cm.
336 _atexto
_btxt
_2rdacontent
337 _asin mediación
_bn
_2rdamedia
338 _avolumen
_bnc
_2rdacarrier
490 1 _aPremios anuales.
500 _aAntología de poemas de Franklin Mieses Burgos: páginas 85-211.
500 _aIncluye datos biográficos del autor en las solapas.
500 _aIncluye referencias bibliográficas y notas al pie de las páginas.
586 _aPremio anual de ensayo Pedro Henrique Ureña, 1996-97
600 1 0 _aMieses Burgos, Franklin,
_d1907-1976
_xCrítica e interpretación
_91952
600 1 0 _aMieses Burgos, Franklin,
_d1907-1976
_xInfluencia
_91952
600 1 0 _aBorges, Jorge Luis,
_d1899-1986
_xCrítica e interpretación
_94173
650 4 _aEnsayos dominicanos
_965
650 4 _aLiteratura dominicana.
_967
700 1 _aMelo de Cardona, Ligia Amado
_epresentación
_926638
910 _aValidado. Control de calidad MFF
942 _2ddc
_cLBS1
999 _c13736
_d13736